Business Ethics and Its Impact on Corporate Culture

Podniková etika predstavuje normatívnu dimenziu podnikovej kultúry, odráža a zdôrazňuje pre biznis relevantné hodnoty a pravidlá. V centre pozornosti musí byť uvedomenie si citlivej spojitosti medzi hospodárnosťou, ziskovosťou, etickým, environmentálnym a sociálnym štandardom podnikania.

Na minha lista:
Detalhes bibliográficos
Autor principal: Ďurišová, Jaroslava
Outros Autores: Vaňová, Jaromíra
Formato: Capítulo de Livro
Idioma:inglês
Assuntos:
Tags: Adicionar Tag
Sem tags, seja o primeiro a adicionar uma tag!

MARC

LEADER 00000nla a2200000 4500
001 0242424
005 20250903134332.3
041 0 |a eng 
044 |a SK 
245 1 0 |a Business Ethics and Its Impact on Corporate Culture  |c Jaroslava Ďurišová, Jaromíra Vaňová 
520 |a Podniková etika predstavuje normatívnu dimenziu podnikovej kultúry, odráža a zdôrazňuje pre biznis relevantné hodnoty a pravidlá. V centre pozornosti musí byť uvedomenie si citlivej spojitosti medzi hospodárnosťou, ziskovosťou, etickým, environmentálnym a sociálnym štandardom podnikania. 
610 2 0 |a etika podnikateľská 
610 2 0 |a kultúra podniková 
610 2 0 |a stratégia podnikateľská 
610 2 0 |a riadenie podnikové 
610 2 0 |a hospodárstvo trhové 
610 2 0 |a podnikanie 
610 2 0 |a riadenie ľudských zdrojov 
100 1 |a Ďurišová, Jaroslava 
700 1 |a Vaňová, Jaromíra